000 00352 a2200145 4500
003 Nust
005 20230201133002.0
040 _cNust
082 _a940,SHE
100 _aR. C. Sheriff
_9108400
245 _aThe hopkins manuscript /
_cR. C. Sheriff
260 _aLondon
_bVictor gollancz ltd
_c1939
300 _a352 pages
942 _2ddc
_cBK
_k940,SHE
999 _c193979
_d193979